| 000 | 00429cam a2200169ua 4500 | ||
|---|---|---|---|
| 020 | _c2.50 | ||
| 041 |
_amal _h |
||
| 082 |
_a894.81209 _bJOS/PA |
||
| 100 | _aJoseph, Mundassery . | ||
| 245 |
_aPashchatya sahitya sameeksha / _cJoseph Mundassery. _hTextual Documents |
||
| 260 |
_aThrissur : _bMangalodhayam pvt ltd , _c1967. |
||
| 300 | _a106 ; . | ||
| 365 | _a2.50 | ||
| 504 | _a | ||
| 942 | _cBK | ||
| 999 |
_c6531 _d6531 |
||